[Event "Championship Moscow 2015 Seniors rapid"]
[Site "?"]
[Date "2015.11.29"]
[Round "3.8"]
[White "Gik, Evgeny"]
[Black "Balashov, Yuri S"]
[Result "0-1"]
[BlackElo "2385"]
[WhiteElo "2164"]
[LiveChessVersion "1.4.6"]

1. e4 {[%clk 0:10:09]} c5 {[%clk 0:10:09]} 2. Nc3 {[%clk 0:10:12]} e6
{[%clk 0:10:11]} 3. g3 {[%clk 0:10:09]} d5 {[%clk 0:10:09]} 4. exd5
{[%clk 0:10:05]} exd5 {[%clk 0:10:13]} 5. Bg2 {[%clk 0:10:09]} d4
{[%clk 0:10:16]} 6. Nd5 {[%clk 0:09:56]} Bd6 {[%clk 0:10:17]} 7. Ne2
{[%clk 0:09:49]} Ne7 {[%clk 0:10:08]} 8. d3 {[%clk 0:09:30]} Nxd5
{[%clk 0:10:08]} 9. Bxd5 {[%clk 0:09:33]} O-O {[%clk 0:10:02]} 10. Bg2
{[%clk 0:09:19]} Nd7 {[%clk 0:10:02]} 11. O-O {[%clk 0:09:20]} Ne5
{[%clk 0:10:03]} 12. h3 {[%clk 0:09:18]} Rb8 {[%clk 0:10:01]} 13. Nf4
{[%clk 0:09:02]} Bd7 {[%clk 0:09:59]} 14. Re1 {[%clk 0:08:50]} Ng6
{[%clk 0:09:45]} 15. Nd5 {[%clk 0:08:30]} Bc6 {[%clk 0:09:35]} 16. Qh5
{[%clk 0:08:21]} Qd7 {[%clk 0:09:19]} 17. Bd2 {[%clk 0:08:12]} Rbd8
{[%clk 0:08:56]} 18. c4 {[%clk 0:07:06]} dxc3 {[%clk 0:08:58]} 19. Nxc3
{[%clk 0:06:54]} Bxg2 {[%clk 0:08:55]} 20. Kxg2 {[%clk 0:06:56]} Qc6+
{[%clk 0:08:52]} 21. Kg1 {[%clk 0:06:42]} Bc7 {[%clk 0:08:46]} 22. Ne4
{[%clk 0:06:26]} Rd5 {[%clk 0:08:46]} 23. Qe2 {[%clk 0:06:04]} Ne5
{[%clk 0:08:44]} 24. Bc3 {[%clk 0:05:29]} Nxd3 {[%clk 0:08:31]} 25. Red1
{[%clk 0:05:14]} Rfd8 {[%clk 0:08:25]} 26. Qg4 {[%clk 0:04:49]} Qg6
{[%clk 0:08:28]} 27. Qf3 {[%clk 0:04:20]} c4 {[%clk 0:08:18]} 28. h4
{[%clk 0:04:01]} Bb6 {[%clk 0:08:03]} 29. Kg2 {[%clk 0:03:51]} Rf5
{[%clk 0:07:43]} 30. h5 {[%clk 0:03:12]} Rxh5 {[%clk 0:07:46]} 31. Rxd3
{[%clk 0:02:05]} Rxd3 {[%clk 0:07:33]} 32. Qf4 {[%clk 0:02:00]} Qf5
{[%clk 0:06:56]} 33. Qxf5 {[%clk 0:01:41]} Rxf5 {[%clk 0:07:00]} 34. Re1
{[%clk 0:01:38]} h6 {[%clk 0:07:03]} 35. Re2 {[%clk 0:01:34]} Rfd5
{[%clk 0:06:39]} 36. Nd2 {[%clk 0:01:33]} Bd4 {[%clk 0:06:42]} 37. Nxc4
{[%clk 0:01:20]} Bxc3 {[%clk 0:06:46]} 38. bxc3 {[%clk 0:01:21]} Rxc3
{[%clk 0:06:49]} 39. Re8+ {[%clk 0:01:10]} Kh7 {[%clk 0:06:53]} 40. Ne5
{[%clk 0:01:14]} Rc7 {[%clk 0:06:49]} 41. f4 {[%clk 0:01:02]} f6 {[%clk 0:06:47]}
42. Nf3 {[%clk 0:00:56]} Rc2+ {[%clk 0:06:43]} 43. Kh3 {[%clk 0:00:57]} Rxa2
{[%clk 0:06:33]} 44. Nh4 {[%clk 0:00:54]} h5 {[%clk 0:06:26]} 45. f5
{[%clk 0:00:51]} Rd1 {[%clk 0:06:22]} 0-1

[Event "Championship Moscow 2015 Seniors rapid"]
[Site "?"]
[Date "2015.11.29"]
[Round "3.9"]
[White "Voevodin, Vladimir"]
[Black "Alekhin, Yuri"]
[Result "1-0"]
[BlackElo "2141"]
[WhiteElo "2323"]
[LiveChessVersion "1.4.6"]

1. e4 {[%clk 0:10:08]} e6 {[%clk 0:10:09]} 2. d4 {[%clk 0:10:12]} d5
{[%clk 0:10:12]} 3. Nc3 {[%clk 0:10:15]} Nf6 {[%clk 0:10:14]} 4. Bg5
{[%clk 0:10:17]} Bb4 {[%clk 0:10:17]} 5. e5 {[%clk 0:10:19]} h6 {[%clk 0:10:20]}
6. Bd2 {[%clk 0:10:23]} Bxc3 {[%clk 0:10:22]} 7. bxc3 {[%clk 0:10:27]} Ne4
{[%clk 0:10:26]} 8. Bd3 {[%clk 0:10:16]} Nxd2 {[%clk 0:10:28]} 9. Qxd2 c5 10. f4
{[%clk 0:09:56]} b6 {[%clk 0:10:11]} 11. Nf3 {[%clk 0:09:58]} Ba6
{[%clk 0:10:11]} 12. O-O {[%clk 0:09:58]} cxd4 {[%clk 0:10:07]} 13. Nxd4
{[%clk 0:09:47]} Bxd3 {[%clk 0:10:09]} 14. cxd3 {[%clk 0:09:49]} g6
{[%clk 0:10:06]} 15. Rae1 {[%clk 0:09:15]} Qd7 {[%clk 0:10:06]} 16. a4
{[%clk 0:08:55]} Qxa4 {[%clk 0:09:45]} 17. f5 {[%clk 0:08:54]} gxf5
{[%clk 0:09:36]} 18. Nxf5 {[%clk 0:08:57]} exf5 {[%clk 0:09:34]} 19. e6
{[%clk 0:08:37]} fxe6 {[%clk 0:09:05]} 20. Rxe6+ {[%clk 0:07:22]} Kd7
{[%clk 0:09:06]} 21. Qe3 {[%clk 0:06:44]} Nc6 {[%clk 0:09:09]} 22. Rxf5
{[%clk 0:06:47]} Qa1+ {[%clk 0:09:03]} 23. Rf1 {[%clk 0:06:25]} Qxc3
{[%clk 0:08:37]} 24. Rf7+ {[%clk 0:06:25]} Kd8 {[%clk 0:08:41]} 25. Qg3
{[%clk 0:06:04]} Qc1+ {[%clk 0:07:32]} 26. Re1 {[%clk 0:05:53]} Qc5+
{[%clk 0:07:34]} 27. Kh1 {[%clk 0:05:57]} Nd4 {[%clk 0:06:17]} 28. Qg7
{[%clk 0:04:56]} 1-0

[Event "Championship Moscow 2015 Seniors rapid"]
[Site "?"]
[Date "2015.11.29"]
[Round "3.10"]
[White "Bakhtin, Vladimir A."]
[Black "Kirillov, Nikolay"]
[Result "1-0"]
[BlackElo "2139"]
[WhiteElo "2250"]
[LiveChessVersion "1.4.6"]

1. d4 {[%clk 0:10:07]} Nf6 {[%clk 0:10:10]} 2. c4 {[%clk 0:10:02]} e5
{[%clk 0:10:13]} 3. dxe5 {[%clk 0:10:01]} Ng4 {[%clk 0:10:17]} 4. Bf4
{[%clk 0:09:59]} Nc6 {[%clk 0:10:19]} 5. Nf3 {[%clk 0:10:03]} Bb4+
{[%clk 0:10:15]} 6. Nbd2 {[%clk 0:09:59]} Qe7 {[%clk 0:09:59]} 7. e3
{[%clk 0:09:57]} O-O {[%clk 0:09:32]} 8. Be2 {[%clk 0:09:53]} b6 {[%clk 0:09:15]}
9. O-O {[%clk 0:09:51]} Bb7 {[%clk 0:08:58]} 10. Nb3 {[%clk 0:08:59]} Ncxe5
{[%clk 0:07:38]} 11. a3 {[%clk 0:08:09]} Bd6 {[%clk 0:06:30]} 12. Nfd4
{[%clk 0:08:06]} Nf6 {[%clk 0:05:44]} 13. Nf5 {[%clk 0:08:06]} Qe6
{[%clk 0:05:05]} 14. Nbd4 {[%clk 0:08:07]} Qe8 {[%clk 0:05:09]} 15. Nxd6 cxd6
{[%clk 0:05:13]} 16. Nb5 {[%clk 0:08:08]} Qc8 {[%clk 0:03:44]} 17. Nxd6
{[%clk 0:08:05]} 1-0

[Event "Championship Moscow 2015 Seniors rapid"]
[Site "?"]
[Date "2015.11.29"]
[Round "3.11"]
[White "Bogumil, Pavel"]
[Black "Melnik, Viktor"]
[Result "1-0"]
[BlackElo "2131"]
[WhiteElo "2211"]
[LiveChessVersion "1.4.6"]

1. e4 {[%clk 0:10:09]} c5 {[%clk 0:10:07]} 2. Nf3 {[%clk 0:10:11]} Nf6
{[%clk 0:10:09]} 3. e5 {[%clk 0:10:05]} Nd5 {[%clk 0:10:13]} 4. c4
{[%clk 0:10:05]} Nc7 {[%clk 0:10:14]} 5. d4 {[%clk 0:09:54]} cxd4
{[%clk 0:10:17]} 6. Nxd4 {[%clk 0:09:58]} Nc6 {[%clk 0:10:21]} 7. Nxc6
{[%clk 0:09:55]} bxc6 {[%clk 0:10:07]} 8. Bd3 {[%clk 0:09:55]} g6
{[%clk 0:10:10]} 9. O-O {[%clk 0:09:54]} Bg7 {[%clk 0:10:12]} 10. Qe2
{[%clk 0:09:46]} O-O {[%clk 0:10:02]} 11. Nc3 {[%clk 0:09:38]} d5
{[%clk 0:10:02]} 12. exd6 {[%clk 0:08:49]} exd6 {[%clk 0:09:53]} 13. Qf3
{[%clk 0:08:09]} d5 {[%clk 0:09:51]} 14. Bf4 {[%clk 0:07:38]} Ne6
{[%clk 0:09:33]} 15. Bg3 {[%clk 0:06:32]} Nd4 {[%clk 0:09:24]} 16. Qd1
{[%clk 0:06:31]} Be6 {[%clk 0:09:10]} 17. cxd5 {[%clk 0:06:16]} cxd5
{[%clk 0:09:05]} 18. Re1 {[%clk 0:06:14]} Qb6 {[%clk 0:08:59]} 19. Rb1
{[%clk 0:06:05]} Rfd8 {[%clk 0:08:33]} 20. Na4 {[%clk 0:06:02]} Qa5
{[%clk 0:08:25]} 21. b3 {[%clk 0:05:53]} Nc6 {[%clk 0:08:11]} 22. Rc1
{[%clk 0:05:46]} Rdc8 {[%clk 0:07:05]} 23. Nc5 {[%clk 0:03:58]} Nd4
{[%clk 0:07:01]} 24. Nxe6 {[%clk 0:02:51]} Nxe6 {[%clk 0:07:04]} 25. Bb1
{[%clk 0:02:43]} Rxc1 {[%clk 0:06:41]} 26. Qxc1 {[%clk 0:02:47]} Rd8
{[%clk 0:06:40]} 27. a3 {[%clk 0:02:40]} Qc3 {[%clk 0:06:21]} 28. Qd1
{[%clk 0:01:54]} d4 {[%clk 0:06:13]} 29. Bd3 {[%clk 0:01:59]} Nc5
{[%clk 0:05:57]} 30. Bc4 {[%clk 0:02:01]} d3 {[%clk 0:06:00]} 31. Re7
{[%clk 0:01:01]} Rf8 {[%clk 0:05:31]} 32. Bf4 {[%clk 0:00:57]} Qc2
{[%clk 0:05:20]} 33. Qxc2 {[%clk 0:00:26]} dxc2 {[%clk 0:05:23]} 34. Re2
{[%clk 0:00:30]} Rd8 {[%clk 0:05:07]} 35. Rxc2 {[%clk 0:00:34]} Rd1+
{[%clk 0:05:11]} 36. Bf1 {[%clk 0:00:39]} Ne6 {[%clk 0:04:22]} 37. Rc8+
{[%clk 0:00:34]} Nf8 {[%clk 0:04:21]} 38. Ra8 {[%clk 0:00:26]} Rd7
{[%clk 0:03:54]} 39. g4 {[%clk 0:00:27]} h6 {[%clk 0:03:48]} 40. h3
{[%clk 0:00:27]} g5 {[%clk 0:03:45]} 41. Be3 {[%clk 0:00:30]} Bd4
{[%clk 0:03:14]} 42. Bxd4 Rxd4 {[%clk 0:03:18]} 43. Rxa7 {[%clk 0:00:23]} Ne6
{[%clk 0:03:23]} 44. Bc4 Nf4 {[%clk 0:03:12]} 45. Kh2 {[%clk 0:00:22]} Rd2
{[%clk 0:02:46]} 46. Kg3 {[%clk 0:00:23]} Ne6 {[%clk 0:02:29]} 47. Bxe6
{[%clk 0:00:22]} fxe6 {[%clk 0:02:33]} 48. Rb7 {[%clk 0:00:25]} Rd3+
{[%clk 0:02:27]} 49. f3 {[%clk 0:00:29]} e5 {[%clk 0:02:27]} 50. Kf2
{[%clk 0:00:34]} e4 {[%clk 0:02:14]} 51. fxe4 {[%clk 0:00:37]} Rxh3 52. a4 Rh2+
{[%clk 0:01:50]} 53. Kg3 {[%clk 0:00:43]} Ra2 {[%clk 0:01:44]} 54. Kf3
{[%clk 0:00:46]} Rc2 {[%clk 0:01:41]} 55. e5 {[%clk 0:00:48]} 1-0

[Event "Championship Moscow 2015 Seniors rapid"]
[Site "?"]
[Date "2015.11.29"]
[Round "3.13"]
[White "Zavialov, Vladimir"]
[Black "Vul, Arkadi Eremeevich"]
[Result "1-0"]
[BlackElo "2174"]
[WhiteElo "2046"]
[LiveChessVersion "1.4.6"]

1. d4 {[%clk 0:10:09]} d5 {[%clk 0:10:09]} 2. Nf3 e6 3. Bf4 {[%clk 0:10:16]} Bd6
{[%clk 0:10:18]} 4. Bg3 {[%clk 0:10:20]} Bxg3 {[%clk 0:10:05]} 5. hxg3
{[%clk 0:10:24]} Nd7 {[%clk 0:10:03]} 6. e3 {[%clk 0:10:19]} Ngf6
{[%clk 0:10:04]} 7. Nbd2 {[%clk 0:10:20]} Qe7 {[%clk 0:10:02]} 8. Ne5
{[%clk 0:09:42]} Nxe5 {[%clk 0:09:44]} 9. dxe5 {[%clk 0:09:46]} Nd7
{[%clk 0:09:48]} 10. f4 {[%clk 0:09:43]} b6 {[%clk 0:08:50]} 11. Bd3
{[%clk 0:09:36]} c5 {[%clk 0:08:05]} 12. c4 {[%clk 0:09:09]} Bb7 {[%clk 0:08:05]}
13. Qg4 {[%clk 0:08:39]} g6 {[%clk 0:07:55]} 14. cxd5 {[%clk 0:07:17]} exd5
{[%clk 0:07:14]} 15. e4 {[%clk 0:06:31]} dxe4 {[%clk 0:06:28]} 16. Bxe4
{[%clk 0:06:27]} f5 {[%clk 0:05:36]} 17. Bxb7 {[%clk 0:05:16]} fxg4
{[%clk 0:05:36]} 18. Bxa8 {[%clk 0:05:19]} O-O {[%clk 0:05:04]} 19. Bd5+
{[%clk 0:05:21]} Kg7 {[%clk 0:05:09]} 20. O-O-O {[%clk 0:05:12]} b5
{[%clk 0:04:58]} 21. Ne4 {[%clk 0:05:10]} Nb6 {[%clk 0:04:18]} 22. Nf6
{[%clk 0:04:28]} h5 {[%clk 0:03:37]} 23. Bc6 {[%clk 0:04:18]} b4 {[%clk 0:02:11]}
24. Rd6 {[%clk 0:03:54]} Rd8 {[%clk 0:01:54]} 25. Rhd1 {[%clk 0:03:48]} Rxd6
{[%clk 0:01:57]} 26. Rxd6 {[%clk 0:03:51]} a5 {[%clk 0:01:29]} 27. Be4
{[%clk 0:03:46]} Qa7 {[%clk 0:00:40]} 28. Ne8+ {[%clk 0:02:56]} Kf8
{[%clk 0:00:39]} 29. Nf6 {[%clk 0:03:00]} Ke7 {[%clk 0:00:21]} 30. Bxg6
{[%clk 0:02:48]} c4 {[%clk 0:00:14]} 31. Rxb6 {[%clk 0:02:36]} c3
{[%clk 0:00:08]} 32. Nd5+ {[%clk 0:02:33]} Kf8 {[%clk 0:00:12]} 33. e6
{[%clk 0:02:26]} cxb2+ {[%clk 0:00:13]} 34. Kxb2 {[%clk 0:02:30]} Qg7+
{[%clk 0:00:16]} 35. Kb3 {[%clk 0:02:27]} Qa1 {[%clk 0:00:11]} 36. e7+
{[%clk 0:02:14]} Kg7 {[%clk 0:00:15]} 37. e8=Q {[%clk 0:02:03]} Qd1+
{[%clk 0:00:18]} 38. Kc4 {[%clk 0:02:07]} Qf1+ {[%clk 0:00:16]} 39. Bd3
{[%clk 0:02:08]} Qc1+ {[%clk 0:00:16]} 40. Kb5 {[%clk 0:02:12]} 1-0

[Event "Championship Moscow 2015 Seniors rapid"]
[Site "?"]
[Date "2015.11.29"]
[Round "3.14"]
[White "Lyubimov, Anatoly"]
[Black "Avetisyan, Aleksey"]
[Result "1-0"]
[BlackElo "2050"]
[WhiteElo "2147"]
[LiveChessVersion "1.4.6"]

1. d4 d5 2. Nf3 c6 3. g3 Bg4 4. Bg2 e6 5. O-O Nf6 6. Ne5 Bf5 7. c4 Nbd7 8. Qb3
Qb6 9. Nxd7 Nxd7 10. c5 Qxb3 11. axb3 Be7 12. Nc3 O-O 13. b4 e5 14. dxe5 Nxe5 15.
e4 dxe4 16. Nxe4 Bxe4 17. Bxe4 a6 18. Bd2 f5 19. Bc3 fxe4 20. Bxe5 Bf6 21. Bxf6
gxf6 22. Rfd1 Rad8 23. Kf1 Kf7 24. Ke2 Ke6 25. Ke3 Ke5 26. f4+ exf3 27. Kxf3 f5
28. Re1+ Kf6 29. Rad1 Rxd1 30. Rxd1 Rf7 31. Kf4 Kg6 32. Rd6+ Kh5 33. h3 Rg7 34.
Rf6 h6 35. Rxf5+ Kg6 36. Re5 Rd7 37. Re6+ Kg7 38. Rd6 Re7 39. Rd3 Kf6 40. g4 Re2
41. Rd6+ Kg7 42. Rd7+ Kf6 43. Rxb7 Rxb2 44. Rb6 Kg7 45. Kg3 Rb1 46. Kh4 Rb3 47.
Rxa6 Rxb4 48. Kh5 Rb3 49. h4 Re3 50. Rxc6 Re5+ 51. g5 hxg5 52. hxg5 Re2 53. Rc7+
Kg8 54. Kh6 Re6+ 55. g6 Re8 56. c6 Rd8 57. Rd7 Rf8 58. c7 1-0

[Event "Championship Moscow 2015 Seniors rapid"]
[Site "?"]
[Date "2015.11.29"]
[Round "3.15"]
[White "Kolbanov, Veniamin M."]
[Black "Fedorovich, Nikolay"]
[Result "1-0"]
[BlackElo "2046"]
[WhiteElo "2124"]
[LiveChessVersion "1.4.6"]

1. Nf3 d5 2. g3 c6 3. Bg2 Nd7 4. c4 e5 5. O-O Ngf6 6. d3 Be7 7. b3 dxc4 8. bxc4
O-O 9. Bb2 Qc7 10. Nc3 Re8 11. Nh4 Nf8 12. Qc2 Ng6 13. Nf3 Bf5 14. Nd2 Rad8 15.
a4 a5 16. h3 Bc5 17. Ba3 Bb4 18. Qb2 Bxa3 19. Rxa3 Bc8 20. Rb3 h5 21. h4 Nd7 22.
Qa3 Nb8 23. c5 Na6 24. Nde4 Rd4 25. Nd6 Rd8 26. Nxc8 Rxc8 27. Rfb1 Rb4 28. Na2
Rxb3 29. Rxb3 Rd8 30. Nc3 Rd4 31. Ne4 Rb4 32. Rc3 Ne7 33. Qa2 Nd5 34. Rc1 Rd4 35.
Bf1 Nab4 36. Qb3 Ne7 37. Ng5 Ng6 38. Bh3 Rd8 39. Nxf7 Kf8 40. Nxd8 Qxd8 41. Qe6
Qe7 42. Qxg6 Qf6 43. Qxh5 1-0

[Event "Championship Moscow 2015 Seniors rapid"]
[Site "?"]
[Date "2015.11.29"]
[Round "3.16"]
[White "Drozdov, Vladimir E."]
[Black "Sinelnikov, Igor"]
[Result "1-0"]
[BlackElo "2117"]
[WhiteElo "2008"]
[LiveChessVersion "1.4.6"]

1. e4 {[%clk 0:10:09]} d6 {[%clk 0:10:07]} 2. d4 {[%clk 0:10:11]} Nf6
{[%clk 0:10:11]} 3. Nc3 {[%clk 0:10:15]} g6 {[%clk 0:10:15]} 4. Nf3
{[%clk 0:10:18]} Bg7 {[%clk 0:10:19]} 5. Be2 {[%clk 0:10:21]} O-O
{[%clk 0:10:22]} 6. O-O {[%clk 0:10:23]} c6 {[%clk 0:10:21]} 7. a4
{[%clk 0:10:23]} Qc7 {[%clk 0:10:18]} 8. Bg5 {[%clk 0:10:20]} h6 {[%clk 0:10:04]}
9. Be3 {[%clk 0:10:20]} e5 {[%clk 0:10:01]} 10. h3 {[%clk 0:10:09]} Nh5
{[%clk 0:09:33]} 11. Qd2 {[%clk 0:10:10]} Kh7 {[%clk 0:09:15]} 12. Rad1
{[%clk 0:10:12]} f5 {[%clk 0:09:08]} 13. dxe5 {[%clk 0:10:04]} f4
{[%clk 0:08:29]} 14. exd6 {[%clk 0:09:56]} fxe3 {[%clk 0:08:31]} 15. dxc7
{[%clk 0:09:59]} exd2 {[%clk 0:08:32]} 16. cxb8=Q {[%clk 0:09:59]} Rxb8
{[%clk 0:08:34]} 17. Rxd2 {[%clk 0:09:56]} Nf4 {[%clk 0:08:24]} 18. Kh2
{[%clk 0:09:01]} Be6 {[%clk 0:06:45]} 19. Rfd1 {[%clk 0:08:51]} g5
{[%clk 0:05:55]} 20. Nd4 {[%clk 0:07:24]} Bxd4 {[%clk 0:05:16]} 21. Rxd4
{[%clk 0:07:23]} Nxe2 {[%clk 0:05:15]} 22. Nxe2 {[%clk 0:07:25]} Rxf2
{[%clk 0:05:14]} 23. Rd6 {[%clk 0:06:07]} Re8 {[%clk 0:03:05]} 24. Nd4
{[%clk 0:05:59]} Bc8 {[%clk 0:03:07]} 25. Nf5 {[%clk 0:05:12]} Bxf5
{[%clk 0:02:44]} 26. exf5 {[%clk 0:05:15]} Re7 {[%clk 0:02:32]} 27. R1d2
{[%clk 0:04:51]} Rxf5 {[%clk 0:02:30]} 28. Rd7 {[%clk 0:03:23]} Rfe5
{[%clk 0:02:29]} 29. Kg3 {[%clk 0:03:11]} h5 {[%clk 0:02:25]} 30. Kf3
{[%clk 0:02:14]} Kg7 {[%clk 0:01:52]} 31. Rxe7+ {[%clk 0:01:33]} Rxe7
{[%clk 0:01:55]} 32. g3 {[%clk 0:01:21]} Kf6 {[%clk 0:01:19]} 33. Rd6+
{[%clk 0:01:24]} Kf5 {[%clk 0:00:38]} 34. g4+ {[%clk 0:01:12]} hxg4+
{[%clk 0:00:35]} 35. hxg4+ {[%clk 0:01:16]} Ke5 {[%clk 0:00:35]} 36. Rg6
{[%clk 0:01:19]} Kd4 {[%clk 0:00:24]} 37. Rxg5 {[%clk 0:01:19]} Re3+
{[%clk 0:00:27]} 38. Kf2 {[%clk 0:01:16]} Rh3 {[%clk 0:00:27]} 39. Rg7
{[%clk 0:01:09]} Rh2+ {[%clk 0:00:30]} 40. Kf3 {[%clk 0:01:13]} Rxc2
{[%clk 0:00:33]} 41. Rxb7 {[%clk 0:01:17]} Ke5 {[%clk 0:00:08]} 42. a5
{[%clk 0:01:09]} a6 {[%clk 0:00:11]} 43. Rb6 {[%clk 0:01:09]} c5 {[%clk 0:00:12]}
44. Kg3 {[%clk 0:01:09]} Rc1 {[%clk 0:00:12]} 45. Kh4 {[%clk 0:01:10]} Rb1
{[%clk 0:00:08]} 46. Kg5 {[%clk 0:01:08]} c4 {[%clk 0:00:12]} 47. Kg6
{[%clk 0:01:09]} c3 {[%clk 0:00:15]} 48. bxc3 {[%clk 0:01:13]} Rxb6+
{[%clk 0:00:16]} 49. axb6 Kd6 {[%clk 0:00:21]} 50. Kf6 {[%clk 0:01:20]} a5
{[%clk 0:00:25]} 51. g5 {[%clk 0:01:24]} a4 {[%clk 0:00:30]} 52. g6 a3 53. g7
{[%clk 0:01:27]} a2 {[%clk 0:00:34]} 54. g8=Q {[%clk 0:01:28]} a1=Q
{[%clk 0:00:38]} 55. Qe6+ {[%clk 0:01:24]} Kc5 {[%clk 0:00:41]} 56. b7
{[%clk 0:01:25]} 1-0

[Event "Championship Moscow 2015 Seniors rapid"]
[Site "?"]
[Date "2015.11.29"]
[Round "3.17"]
[White "Melikidze, Shota"]
[Black "Artamonov, Alexander"]
[Result "1-0"]
[BlackElo "1998"]
[WhiteElo "2115"]
[LiveChessVersion "1.4.6"]

1. b4 {[%clk 0:10:07]} e5 {[%clk 0:10:08]} 2. Bb2 {[%clk 0:10:11]} Bxb4
{[%clk 0:10:11]} 3. f4 {[%clk 0:10:12]} exf4 {[%clk 0:09:58]} 4. Bxg7
{[%clk 0:10:14]} Qh4+ {[%clk 0:10:02]} 5. g3 {[%clk 0:10:18]} fxg3
{[%clk 0:10:04]} 6. Bg2 {[%clk 0:10:21]} gxh2+ {[%clk 0:10:05]} 7. Kf1
{[%clk 0:10:25]} hxg1=Q+ {[%clk 0:10:04]} 8. Kxg1 {[%clk 0:10:29]} Qg5
{[%clk 0:08:23]} 9. Bxh8 {[%clk 0:10:31]} Nf6 {[%clk 0:08:21]} 10. Bxf6
{[%clk 0:07:45]} Qxf6 {[%clk 0:08:23]} 11. c3 {[%clk 0:07:12]} Bf8
{[%clk 0:07:03]} 12. d4 {[%clk 0:06:43]} c5 {[%clk 0:05:49]} 13. Rxh7
{[%clk 0:06:02]} d5 {[%clk 0:05:21]} 14. Nd2 {[%clk 0:03:28]} Bh6
{[%clk 0:04:27]} 15. Nf3 {[%clk 0:02:02]} Bf5 {[%clk 0:04:23]} 16. Rxh6
{[%clk 0:01:36]} Qxh6 {[%clk 0:04:19]} 17. Qd2 {[%clk 0:01:14]} Qxd2
{[%clk 0:03:17]} 18. Nxd2 {[%clk 0:01:18]} cxd4 {[%clk 0:03:15]} 19. Bxd5
{[%clk 0:01:13]} Nd7 {[%clk 0:02:01]} 20. cxd4 {[%clk 0:01:14]} Rc8
{[%clk 0:00:50]} 21. e4 {[%clk 0:01:17]} Rc2 {[%clk 0:00:40]} 22. Nc4
{[%clk 0:01:04]} Be6 23. Nd6+ Ke7 1-0

[Event "Championship Moscow 2015 Seniors rapid"]
[Site "?"]
[Date "2015.11.29"]
[Round "3.18"]
[White "Lazarev, Gennady"]
[Black "Melnik, Sergey"]
[Result "0-1"]
[BlackElo "2104"]
[WhiteElo "1988"]
[LiveChessVersion "1.4.6"]

1. e4 {[%clk 0:10:09]} e5 {[%clk 0:10:09]} 2. d4 {[%clk 0:10:12]} exd4
{[%clk 0:10:09]} 3. Nf3 {[%clk 0:10:16]} Nc6 {[%clk 0:10:02]} 4. Bc4
{[%clk 0:10:18]} Nf6 {[%clk 0:09:57]} 5. e5 {[%clk 0:10:17]} d5 {[%clk 0:09:59]}
6. Bb5 {[%clk 0:10:17]} Ne4 {[%clk 0:10:00]} 7. Nxd4 {[%clk 0:10:19]} Bd7
{[%clk 0:10:02]} 8. Bxc6 {[%clk 0:10:22]} bxc6 {[%clk 0:10:06]} 9. O-O
{[%clk 0:10:14]} Bc5 {[%clk 0:10:01]} 10. f3 {[%clk 0:10:15]} Ng5
{[%clk 0:10:02]} 11. f4 {[%clk 0:10:14]} Ne4 {[%clk 0:08:38]} 12. Be3
{[%clk 0:10:13]} O-O {[%clk 0:07:57]} 13. Nd2 {[%clk 0:10:05]} Bb6
{[%clk 0:07:21]} 14. Nxe4 {[%clk 0:09:30]} dxe4 {[%clk 0:07:24]} 15. c4
{[%clk 0:08:46]} Qe7 {[%clk 0:07:14]} 16. Qc2 {[%clk 0:08:14]} c5
{[%clk 0:07:03]} 17. Ne2 {[%clk 0:08:06]} Bc6 {[%clk 0:07:07]} 18. Ng3
{[%clk 0:07:59]} f6 {[%clk 0:07:04]} 19. Nxe4 {[%clk 0:07:21]} fxe5
{[%clk 0:07:07]} 20. f5 {[%clk 0:07:19]} Qh4 {[%clk 0:05:42]} 21. Ng5
{[%clk 0:06:07]} h6 {[%clk 0:04:22]} 22. Nf3 {[%clk 0:04:49]} Qe4
{[%clk 0:04:10]} 23. Qxe4 {[%clk 0:04:39]} Bxe4 {[%clk 0:04:13]} 24. Nh4
{[%clk 0:04:39]} Bd3 {[%clk 0:04:10]} 25. Rfd1 {[%clk 0:03:11]} Rad8
{[%clk 0:03:18]} 26. Ng6 {[%clk 0:02:39]} Rfe8 {[%clk 0:03:13]} 27. g4
{[%clk 0:02:23]} Rd6 {[%clk 0:02:51]} 28. b3 {[%clk 0:01:52]} h5 {[%clk 0:02:22]}
29. h3 {[%clk 0:01:56]} hxg4 {[%clk 0:02:26]} 30. hxg4 {[%clk 0:01:59]} Be2
{[%clk 0:02:29]} 31. Rxd6 {[%clk 0:01:27]} cxd6 {[%clk 0:02:33]} 32. g5
{[%clk 0:01:19]} Bg4 {[%clk 0:02:01]} 33. Rf1 {[%clk 0:01:04]} Bd8
{[%clk 0:01:46]} 34. Kg2 {[%clk 0:01:04]} e4 {[%clk 0:01:37]} 35. Kg3
{[%clk 0:00:49]} Bf3 {[%clk 0:01:13]} 36. Nh4 {[%clk 0:00:51]} Be2
{[%clk 0:01:10]} 37. Rh1 {[%clk 0:00:54]} d5 {[%clk 0:01:02]} 38. Ng6
{[%clk 0:00:52]} d4 {[%clk 0:00:54]} 39. Bf4 {[%clk 0:00:49]} e3 {[%clk 0:00:53]}
40. Rh8+ {[%clk 0:00:45]} Kf7 {[%clk 0:00:57]} 41. Ne5+ {[%clk 0:00:49]} Ke7
{[%clk 0:00:54]} 42. f6+ {[%clk 0:00:32]} gxf6 {[%clk 0:00:50]} 43. gxf6+
{[%clk 0:00:35]} Kxf6 {[%clk 0:00:49]} 44. Rxe8 {[%clk 0:00:38]} Bc7
{[%clk 0:00:43]} 45. Rf8+ {[%clk 0:00:32]} Ke6 {[%clk 0:00:45]} 46. Nd3
{[%clk 0:00:25]} Bxd3 {[%clk 0:00:33]} 47. Bxc7 {[%clk 0:00:28]} Bb1
{[%clk 0:00:36]} 48. Kf3 {[%clk 0:00:26]} Bxa2 {[%clk 0:00:40]} 49. Rb8
{[%clk 0:00:26]} Bb1 {[%clk 0:00:41]} 50. Ke2 {[%clk 0:00:29]} Bf5
{[%clk 0:00:38]} 51. Bf4 {[%clk 0:00:31]} Bg4+ {[%clk 0:00:42]} 52. Ke1
{[%clk 0:00:32]} Kf5 {[%clk 0:00:45]} 53. Rf8+ {[%clk 0:00:34]} Ke4
{[%clk 0:00:50]} 54. b4 {[%clk 0:00:38]} cxb4 55. c5 b3 {[%clk 0:00:50]} 56. c6
{[%clk 0:00:44]} b2 {[%clk 0:00:42]} 57. Rb8 {[%clk 0:00:43]} Kxf4
{[%clk 0:00:45]} 58. c7 {[%clk 0:00:44]} d3 {[%clk 0:00:47]} 59. Rb4+
{[%clk 0:00:40]} Kf3 {[%clk 0:00:50]} 60. Rxb2 {[%clk 0:00:24]} a5
{[%clk 0:00:54]} 61. Ra2 {[%clk 0:00:25]} a4 {[%clk 0:00:56]} 62. Rb2
{[%clk 0:00:21]} a3 {[%clk 0:00:55]} 63. Ra2 {[%clk 0:00:25]} Be6
{[%clk 0:00:47]} 64. Rh2 {[%clk 0:00:21]} d2+ {[%clk 0:00:48]} 65. Rxd2
{[%clk 0:00:20]} exd2+ {[%clk 0:00:52]} 66. Kxd2 {[%clk 0:00:23]} a2
{[%clk 0:00:56]} 0-1